Quality of Management Processes as a Determinant of NGOs‘ Sustainability
Kvalita riadiacich procesov a výkonnosti neziskových organizácií v regióne sú základnými predpokladmi pre zvyšovanie udržateľnosti sociálnej podpory prostredníctvom MVO. Príspevok sumarizuje výsledky hodnotiacej štúdie na základe analýzy cyklu Plan-Do-Contoll-Act (PDCA). Kvalita procesov riadenia bo...
Salvato in:
| Autore principale: | |
|---|---|
| Altri autori: | , |
| Natura: | Capitolo di libro |
| Lingua: | inglese |
| Soggetti: | |
| Tags: |
Nessun Tag, puoi essere il primo ad aggiungerne!!
|
MARC
| LEADER | 00000naa a2200000 4500 | ||
|---|---|---|---|
| 001 | 0299512 | ||
| 005 | 20240306094419.8 | ||
| 041 | 0 | |a eng | |
| 044 | |a SK | ||
| 245 | 1 | 0 | |a Quality of Management Processes as a Determinant of NGOs‘ Sustainability |c Simona Miškolci, Jaroslava Rajchlová, Veronika Svatošová |
| 520 | |a Kvalita riadiacich procesov a výkonnosti neziskových organizácií v regióne sú základnými predpokladmi pre zvyšovanie udržateľnosti sociálnej podpory prostredníctvom MVO. Príspevok sumarizuje výsledky hodnotiacej štúdie na základe analýzy cyklu Plan-Do-Contoll-Act (PDCA). Kvalita procesov riadenia bola samohodnotená na základe analýzy cyklu PDCA v 79 MVO, ktorá prebiehala v rokoch 2015–2019 s prijímateľmi dotácií sociálnej podpory samosprávy Juhomoravského kraja. Na porovnanie celkovej úrovne kvality riadenia participujúcich mimovládnych organizácií bol navrhnutý kompozitný ukazovateľ. Výsledky identifikovali významný priestor na zlepšenie v plánovaní, fundraisingu, riadení práce s dobrovoľníkmi a systematickom využívaní dát na zlepšenie výkonnosti MVO. Na základe pochopenia súčasnej úrovne procesov manažérstva kvality sú odvodené odporúčania na zvýšenie udržateľnosti MVO a efektívnosti regionálnej podpory. | ||
| 610 | 2 | 0 | |a udržateľnosť |
| 610 | 2 | 0 | |a organizácie neziskové |
| 610 | 2 | 0 | |a riadenie |
| 610 | 2 | 0 | |a plánovanie |
| 610 | 2 | 0 | |a samospráva |
| 610 | 2 | 0 | |a kraje |
| 610 | 2 | 0 | |a dobrovoľníctvo |
| 100 | 1 | |a Miškolci, Simona | |
| 700 | 1 | |a Rajchlová, Jaroslava | |
| 700 | 1 | |a Svatošová, Veronika | |